| 000 | 00483nam a2200169Ia 4500 | ||
|---|---|---|---|
| 999 |
_c23656 _d23656 |
||
| 003 | OSt | ||
| 005 | 20210104125311.0 | ||
| 008 | 190216s9999||||xx |||||||||||||| ||und|| | ||
| 040 | _coclc | ||
| 082 |
_a894.8124 _bKRI/M |
||
| 100 |
_aKrishnapilla, Kuttipuzha _98108 |
||
| 245 | 0 |
_aManasollasam / _cKuttipuzha Krishnapilla |
|
| 260 |
_bCurrent Books, _aKottayam: |
||
| 300 | _a118p | ||
| 650 | _aSahithyam | ||
| 942 |
_cBK _2ddc _h894.8124 _iKRI/M _k894.8124 _mKRI/M |
||